000 00455pab a2200169 454500
008 180718b2010 xxu||||| |||| 00| 0 eng d
100 _aZald, Mayer N.
245 _aThe wizards of Oz: towards an institutional approach to elites, expertise and command posts
260 _c2010
300 _ap.963-96.
362 _aJul
650 _aOrganizations
700 _aLounsbury, Michael
773 _aOrganization Studies
908 _aN
909 _a87295
999 _c87295
_d87295